000 00460nam a22001817a 4500
005 20250625142300.0
008 250625b |||||||| |||| 00| 0 eng d
020 _a9780099533184
_qpbk
041 _aeng
082 _a823.92 MIL
100 _aMiller Karen
245 _aThe Clone Wars Wild Space
_c/ Karen Miller
250 _a1st ed
260 _aLondon
_bArrow books
_c2008
300 _a341p. :
_c20cm.
650 _aEnglish fiction
942 _cENGLISH
999 _c573879
_d573879